000 00514nam a2200181Ia 4500
001 8525
005 20260306160616.0
008 260306t2008||||xx |||||||||||||| ||spa||
041 _aESP
082 _a371.102
_bD74
100 _aHerrán Gascón, Agustín de la (coord.)
_eAUT
245 0 _aDidáctica general :
_bla práctica de la enseñanza en educación infantil, primaria y secundaria
260 _c2008
300 _a397 páginas :
_c24 cm.
650 _aGEN
654 _aCED
942 _cLIB
_dJUS
_fJUS
_2ddc
_n
999 _c8525
_d8525